000 00348nam a22001097a 4500
999 _c508394
_d508394
082 _aT2x5452
100 _aChoudary, K. Seshachalam
_93716
245 _aWattle bark:
_bits use and cultivation in South India
_cby K. Seshachalam Choudary
260 _aMadras
_bGovernment Press
_c1927
300 _a28p.
700 _aMadras. Department of Industries
_93715